000 00620nam a22002297a 4500
005 20221222143703.0
008 221222b ||||| |||| 00| 0 eng d
020 _a1439211485
040 _cAL
041 _aEnglish
082 _223
_a366
_bMAKI
100 _aHenry Makow
_967569
245 _aIlluminati : The Cult that Hijacked the World
260 _aCanada
_bSilas Green
_c2008
300 _a249 p.
_bPB
_c22x14 cm.
365 _d$19.95
650 _aJewish
_967570
650 _aIlluminati sabbateans and Protocols
_967571
650 _aZionism
_967572
700 _aMAKOW (Henry)
_967573
942 _2ddc
_cDB
999 _c226056
_d226056